000 00243nam a2200121Ia 4500
008 240625s9999 xx 000 0 und d
041 _aeng
082 _aAV
100 _aCSE
245 _aPURE GENE EOUS
260 _c2007
365 _cRS
_b20
999 _c33773
_d33773